All Reading Premier League Players Ever - Statistics

General Stats
  • This quiz has been taken 14 times
  • The average score is 44 of 77
Answer Stats
% Correct
2012/13 England Adam Le Fondre 34
88%
2012/13 Russia Pavel Pogrebnyak 29
88%
2006/07 Ireland Shane Long 21
88%
2007/08 Ireland Shane Long 29
88%
2006/07 Australia Adam Federici 2
75%
2012/13 Australia Adam Federici 21
75%
2006/07 England Dave Kitson 13
75%
2007/08 England Dave Kitson 34
75%
2007/08 Mali Jimmy Kebe 5
75%
2012/13 Mali Jimmy Kebe 18
75%
2006/07 Ireland Kevin Doyle 32
75%
2007/08 Ireland Kevin Doyle 36
75%
2006/07 United States Marcus Hahnemann 38
75%
2007/08 United States Marcus Hahnemann 38
75%
2006/07 England Nicky Shorey 37
75%
2007/08 England Nicky Shorey 36
75%
2012/13 England Nicky Shorey 17
75%
2006/07 South Korea Seol Ki-Hyeon 27
75%
2007/08 South Korea Seol Ki-Hyeon 3
75%
2006/07 United States Bobby Convey 9
63%
2007/08 United States Bobby Convey 20
63%
2006/07 Iceland Brynjar Gunnarsson 23
63%
2007/08 Iceland Brynjar Gunnarsson 20
63%
2006/07 England Glen Little 24
63%
2007/08 England Glen Little 2
63%
2006/07 Scotland Graeme Murty 23
63%
2007/08 Scotland Graeme Murty 28
63%
2006/07 Senegal Ibrahima Sonko 23
63%
2007/08 Senegal Ibrahima Sonko 16
63%
2006/07 Iceland Ivar Ingimarsson 38
63%
2007/08 Iceland Ivar Ingimarsson 35
63%
2006/07 England James Harper 38
63%
2007/08 England James Harper 38
63%
2012/13 Grenada Jason Roberts 11
63%
2012/13 Turkey Jem Karacan 21
63%
2012/13 Jamaica Jobi McAnuff 38
63%
2007/08 Mali Kalifa Cisse 22
63%
2012/13 Latvia Kaspars Gorkss 14
63%
2007/08 Czech Republic Marek Matejovsky 14
63%
2012/13 Antigua & Barbuda Mikele Leigertwood 30
63%
2012/13 Ireland Noel Hunt 24
63%
2006/07 Ireland Stephen Hunt 35
63%
2007/08 Ireland Stephen Hunt 37
63%
2006/07 England Steve Sidwell 35
63%
2012/13 Jamaica Adrian Mariappa 29
50%
2012/13 Ireland Alex Pearce 19
50%
2006/07 Cameroon Andre Bikey 15
50%
2007/08 Cameroon Andre Bikey 22
50%
2012/13 Wales Hal Robson-Kanu 25
50%
2012/13 Ireland Jay Tabb 12
50%
2006/07 Wales John Oster 25
50%
2007/08 Wales John Oster 18
50%
2006/07 England Leroy Lita 33
50%
2007/08 England Leroy Lita 14
50%
2012/13 England Sean Morrison 16
50%
2012/13 Jamaica Shaun Cummings 9
50%
2006/07 Ecuador Ulises de la Cruz 9
50%
2007/08 Ecuador Ulises de la Cruz 6
50%
2012/13 England Alex McCarthy 13
38%
2012/13 Wales Chris Gunter 20
38%
2012/13 Portugal Daniel Carrico 3
38%
2012/13 England Dominic Samuel 1
38%
2007/08 Cote D'Ivoire Emerse Fae 8
38%
2012/13 Jamaica Garath McCleary 31
38%
2012/13 Nigeria Hope Akpan 9
38%
2012/13 Ireland Ian Harte 16
38%
2007/08 England John Halls 1
38%
2006/07 England Michael Duberry 8
38%
2007/08 England Michael Duberry 13
38%
2012/13 Barbados Nick Blackman 11
38%
2012/13 England Stuart Taylor 4
38%
2012/13 England Danny Guthrie 21
25%
2006/07 England Gregory Halford 3
25%
2007/08 England Liam Rosenior 17
25%
2006/07 Nigeria Sam Sodje 3
25%
2007/08 England Scott Golbourne 1
25%
2012/13 Ireland Stephen Kelly 16
25%
No matching quizzes found
Score Distribution
Percent of People with Each Score
Percentile by Number Answered
Your Score History
You have not taken this quiz